Estudio de pre factibilidad para la implementación de una oficina de consultorías para Establecimientos Económicos del distrito V de la Ciudad de Managua, en la Facultad de Ciencias y Sistemas
La presente investigación es un estudio de factibilidad para la implementación de una oficina de consultorías para establecimientos económicos del distrito V de la Ciudad de Managua, en la Facultad de Ciencias y Sistemas, con el cual se pretende crear experiencia laboral a los estudiantes, sin t...
| Main Authors: | , |
|---|---|
| Other Authors: | |
| Format: | Tesis Section = Libro |
| Language: | Undetermined Spanish |
| Published: |
Managua
UNI
2017
|
| Subjects: |
| LEADER | 01433nam a2200289Ia 4500 | ||
|---|---|---|---|
| 008 | 240830s9999 xx 000 0 und d | ||
| 040 | |a BIBLIOTECA-RUPAP Mon 658.11 J91 | ||
| 041 | |a spa | ||
| 082 | |a Mon 658.11 J91 | ||
| 100 | 1 | |a Juarez Balmaceda Fabiola Yassiel | |
| 100 | 1 | |b Urcuyo Rivera, Cristhian Xavier | |
| 245 | 1 | 0 | |a Estudio de pre factibilidad para la implementación de una oficina de consultorías para Establecimientos Económicos del distrito V de la Ciudad de Managua, en la Facultad de Ciencias y Sistemas |
| 260 | |a Managua |b UNI |c 2017 | ||
| 300 | |a 129 p. :il. | ||
| 500 | |a Contiene: anexos e Incluye: CD. | ||
| 502 | |a Tesis (Ingeniero de Sistemas)- UNI, 2017. | ||
| 520 | 3 | |a La presente investigación es un estudio de factibilidad para la implementación de una oficina de consultorías para establecimientos económicos del distrito V de la Ciudad de Managua, en la Facultad de Ciencias y Sistemas, con el cual se pretende crear experiencia laboral a los estudiantes, sin tener que salir del Recinto Universitario y contando con la colaboración de los docentes de la Facultad. | |
| 650 | 7 | |a NUEVAS EMPRESAS-PROYECTOS | |
| 650 | 7 | |b ESTUDIO DE FACTIBILIDAD | |
| 650 | 7 | |c ESTUDIO DE MERCADO | |
| 650 | 7 | |d ESTUDIO FINANCIERO | |
| 650 | 7 | |e ESTUDIO ECONOMICO | |
| 650 | 7 | |f CONSULTORIAS | |
| 700 | 1 | |a Tutor: |b Zúñiga Morales, Gonzalo de Jesús | |
| 942 | |c BK |2 ddc | ||
| 991 | |a TESIS | ||
| 999 | |c 16935 | ||